000 00999cam a22003257a 4500
003 CHAP
005 20220329135030.0
008 971013s1986 r 00010 d
010 _a29852
011 _a30824
035 _a34936
040 _cCHAP
082 _a631
_bM3
100 0 0 _aMakeham, J. P.
_969952
245 1 4 _aThe economics of tropical farm management
260 _aLondon :
_bCambridge University,
_c1986
300 _a177 p
590 _aBATCH-UPD
_b10
_c20130110
_lUCH01
_h0949
590 _aBATCH-UPD
_b10
_c20130410
_lUCH01
_h0604
590 _aBATCH-UPD
_b10
_c20130914
_lUCH01
_h1059
590 _aCONVERSION
_b10
_c20130109
_lUCH01
_h1317
650 1 4 _aCrédito agrícola.
_929022
650 1 4 _aCultivos tropicales.
_930383
650 1 4 _aEmpresas agropecuarias.
_936649
650 1 4 _aMecanización agrícola.
_973801
700 0 _aMalcolm, R. L.
_970070
901 _aBK
942 _cLIBRO
949 _a631 M3
_bBC
_cLIBRO
_d33724000051025
_eLIBRO
_gI.A/E
_h79585
_i34936
_si
_t34.19
999 _c29852
_d29852